| 000 | 01060nas a2200301 4500 | ||
|---|---|---|---|
| 001 | BR2011003155 | ||
| 003 | BR-BrBNA | ||
| 005 | 20231205115330.0 | ||
| 007 | ta | ||
| 008 | 230509b bl.|||p| |||| 00| 00por d | ||
| 040 |
_aBR-BrBNA _bpor _cBiblioteca Nacional de Agricultura |
||
| 041 | _a(Pt) | ||
| 072 | _aL73 | ||
| 100 | 1 | _aVieira, A.C.S. | |
| 100 | 1 | _aAfonso, J.A.B. | |
| 100 | 1 | _aTokarnia, C.H. | |
| 100 | 1 | _aCosta, N. de A. | |
| 100 | 1 | _aMendonça, C.L. de | |
| 100 | 1 | _aSouza, M.I. de | |
| 245 | 1 | _aEstudo epidemiológico, clínico e patológico em ruminantes com polioencefalomalácia no agreste meridional de Pernambuco | |
| 246 | 1 | _aEpidemiological, clinical and pathological study in ruminants with polioencephalomalacia at Pernambuco state | |
| 650 | _aRUMINANTE | ||
| 650 | _aPOLIOENCEFALOMALÁCIA | ||
| 650 | _aPERNAMBUCO | ||
| 773 | 0 |
_tRevista Brasileira de Medicina Veterinária (Brazil) _xISSN 0100-2430 _g(Apr-Jun 2007), v. 29(2) p. 65-68 _wBR2011003155 |
|
| 909 |
_a202311 _bLúcia _c55 _dLúcia Elande |
||
| 942 |
_2AGRIS _n0 _cANA |
||
| 999 |
_c213262 _d213262 |
||